000 01569nam a2200217Ia 4500
003 Ost
005 20260507075052.0
008 260507s9999||||xx |||||||||||||| ||und||
040 _cfsecg
041 _aara
082 _a657.7
100 _aعبد العال، أحمد رجب
_eمؤلف
245 0 _aمدخل معاصر في المحاسبة الإدارية المتقدمة /
_c أحمد رجب عبد العال
260 _aالاسكندرية:
_bدار الجامعة الجديدة,
_c2002
300 _a398 صفحة؛
_bإيضاحات ؛
_c24 سم
520 _aأهمية نظام المعلومات المحاسبي، طبيعة عملية اتخاذ القرارات الادارية، التحليل التفاضلي والقرارات الادارية، المنظور الاستراتيجي للمحاسبة الادارية، دور المعلومات المحاسبية في اتخاذ قرارات التسعير، قرارات الجودة، تحليل العلاقة بين التكلفة والحجم والربح، التحليل المالي للأغراض الادارية، مؤشرات قياس الانتاجية، أثر اختلاف مداخل تخصيص التكاليف غير المباشرة على القرارات الادارية، دور المحاسبة الادارية في تحليل عنصر المخزون، برمجة الأهداف وتخطيط الأنشطة
653 _aالإدارة
653 _aالمحاسبة
700 _aالسوافيري، فتحي رزق
_eمؤلف ثانوي
942 _cكتاب
999 _c42668
_d42668